EPIC: The Musical - Songs by Interaction - Statistics

General Stats
  • This quiz has been taken 400 times
    397 since last reset
  • The average score is 9 of 10
Answer Stats
Line Response Answer % Correct
Six hundred reasons, to take what we can. So Captain what's the plan? Watch where the birds fly. They will lead us to land. There we'll hunt for food, my second-in-command. Full Speed Ahead
100%
Convince each of them that he ought to be released, and I'll release him. Who's them? God Games
100%
Nice try but two can play this game. Nah, don't be honest, I know you're a goddess. So let's be honest, you are Athena! Warrior of the Mind
100%
Whoa, how did I do that? Is time now moving slow? No, I just made your thoughts quick. Little Wolf
99%
If you claim you're so much wiser, why's your life spent all alone? You're alone! One day, you'll hear what I'm saying. One day, you might understand. One day, but not today, for after all, you're just a man. My Goodbye
99%
You know I'm afraid of the water. I'll make sure that you are safe and sound Suffering
99%
Spare us. Oh, spare us please. Why? Different Beast
98%
Hey there! We're just travellers. We come in peace. You killed my sheep. My favorite sheep. Polyphemus
98%
I'd like to show my friend that kindness is brave. Could you tell me where there's other food to eat? The cave! (Scary cave) Open Arms
97%
A woman What? Puppeteer
97%
Don't thank me,, friend. I'm not the one who fought for you. Then who? Dangerous
96%
Oh handsome, you may try. But last I checked, goddesses can't die. Goddess? Love in Paradise
96%
Hello Row for your lives! Scylla
96%
After everything you've done, how will you sleep at night? Next to my wife Six Hundred Strike
96%
Captain, we will capsize with these waves, our fleet will fail. Have them follow my ship, I'll ensure that we prevail Storm
96%
Lightning wielder, here to yield your time, for you have passed your prime. Sublime you for your act of crime. Choose Choose? Thunder Bringer
96%
You're a good kid. Thanks! We'll be Fine
96%
But everyone's true colors are revealed in acts of lust I'm not sure I follow Done For
95%
When's your tramp of a mother gonna choose a new husband? Why don't you open her room so we can have fun with her? Don't you dare care my mother a tramp! Legendary
95%
But when we saw this monster, we didn't take a stand. We just ran. Say something! I can't! Mutiny
95%
I'll release your men and I'll get you to the Underworld instead Wait, you're helping us? There Are Other Ways
95%
Hermes. Thank you Don't thank me friend, you very well may die. Good luck! Wouldn't You Like
95%
Only my husband knew that, so I guess that makes him you. Penelope Would You Fall in Love With Me Again
95%
Maybe, you could learn to forgive No Get in the Water
94%
Have you forgotten the lessons I taught you?He's still a threat until he's dead. Finish it. No Remember Them
94%
Any last words? All I gotta do is open this bag Ruthlessness
94%
Who was that? A vision, of what is to come, cannot be outrun The Horse and the Infant
94%
Mom? Waiting. Odysseus when you come home I'll be waiting The Underworld
94%
Please don't tell me you're about to do what I think you'll do. You've heard the legends of the island in the sky, this proves they're true. This is the home of the wind god Luck Runs Out
93%
There is a world where I help you get home, but that's not a world I know What? No Longer You
93%
I love you You do? Not Sorry for Loving You
93%
Got him. Me- mer- Mercy? Mercy? My mercy has long since drowned. It died to bring me home. Odysseus
93%
Son All my life, I'd have died to meet you. Though about your name so much it hurts. I Can't Help But Wonder
91%
Sometimes killing is a must What? Keep Your Friends Close
86%
Captain Enough Survive
65%
No matching quizzes found
Score Distribution
Percent of People with Each Score
Percentile by Number Answered
Your Score History
You have not taken this quiz since the last reset